| 000 | nam a22 7a 4500 | ||
|---|---|---|---|
| 999 |
_c126855 _d126855 |
||
| 008 | 170830b xxu||||| |||| 00| 0 eng d | ||
| 050 | _aREF PN6405.F47 1983 | ||
| 100 |
_aFergusson, Rosalind (ed.) _935528 |
||
| 245 |
_aThe Penguin Dictionary of Proverbs _cEdited by Rosalind Fergusson |
||
| 260 |
_aMiddlesex _bPenguin Books _c1983 |
||
| 300 |
_axi, 331p. ; _c20cm. |
||
| 650 |
_aProverbs _935456 |
||
| 942 |
_2lcc _cREFERENCE |
||